000
00333nam a2200133Ia 4500
008
240624s9999 xx 000 0 und d
041
_a
eng
082
_a
174.4 BRA
100
_a
BRANSON RICHARD
245
_a
SCREW BUSINESS AS USUAL
260
_c
2011
_a
New York
_b
Portfolio Penguin
300
_a
xi, 372 p.; 23 cm.
365
_c
_b
38
999
_c
30639
_d
30639